000 00424 a2200181 4500
001 126651
020 _a9788596004183
040 _cEscola Canadense de Niteroi
100 _aKátia Stocco Smole
245 1 0 _aFaça! Matemática Saber: 4º ano - Parte 1
250 _a1 ed.
260 _aSão Paulo
300 _a157 p.
_bil.
362 0 _a2016
490 0 _aColeção Faça!
650 4 _aMatemática
942 _cBK
999 _c126651
_d126651